000 01062nam a2200289 a 4500
001 000019449
005 20200929170024.0
008 100629s2005 es c 000 0 spa d
020 _a8497647548
040 _aDO-SdBNP
_bspa
_cBNPHU
082 _a271.97
_bT316F
100 1 _aFloriano Novoa, José
_941754
245 1 0 _aTeresa de Calcuta /
_cJosé Floriano Novoa ; coordinador general Felipe Sen ; coordinador de colección Mar de Ventura Fernández.
260 _aMadrid, España :
_bPERYMAT,
_c2005.
300 _a191 p. :
_bretrs. ;
_c22 cm.
490 1 _aMujeres en la historia
504 _aBibliografía : p. 191
600 1 4 _aTERESA,
_cMADRE,
_d1910- 1997
_941755
610 2 0 _aMISIONERES DE LA CARIDAD
_xHISTORIA
_941756
650 4 _aMisioneras
_zIndia, Calcuta
_xBiografias
_941757
651 4 _aCalcuta (India{Rpara}
_xBiografia
_941758
700 1 2 _aSen, Felipe,
_ecoord.
_941707
700 1 2 _aVentura Fernández, Mar de,
_ecoord.
_941759
830 0 _aMujeres en la historia
_941760
910 _aValidado. Control de calidad MFF
049 _aBNGR
999 _c18965
_d18965